00356pab a2200121 454500008004000000100001500040245008800055260000900143300001400152362001100166650002300177773003400200180718b2009 xxu||||| |||| 00| 0 eng d aArun Kumar aTackling the current global economic and financial crisis: beyond demand management c2009 ap.151-57. a28 Mar aEconomic recession aEconomic and Political Weekly